00813nam a22001457a 4500999001900000008004100019100003100060245003600091260002300127300003800150520033600188773002300524942000700547952011300554 c527254d527254240819b ||||| |||| 00| 0 eng d aDevadevan, Manu V. 947062 aR. Champakalakshmi (1932-2024)  aSocial Scientist  a52(3-4), Mar-Apr, 2024: p.105-112 aOn 2 February 2024, a Tamil-speaking IT professional based in the United States, who produced and edited Wikipedia pages in his free time, called me over phone. He had read the obituary I had written in the wire for historian Radh Champakalakshmi, who died on the night of 28 January, a few months before taming 92. – Reproduced  aSocial Scientist  cAR 00102ddc40709402344aIIPAbIIPAd2024-08-19h52(3-4), Mar-Apr, 2024: p.105-112pAR132701r2024-08-19yAR